000 00400nam a2200133 4500
008 708 M583s
020 _a2879008484
082 _a708
_bM583s
100 _aMessager, Annette
_96428
245 _asous vent
260 _aParís
_bLes musées de la Ville de Paris
_c2004
300 _a66 p.
_bill (col)
_c19.5 x 26 cm
650 _xarte contemporáneo
_xarte - exhibiciones
_xarte - instalaciones
_xFrancia
_96429
999 _c1511
_d1511